000
00332nam a22001457a 4500
008
221011b ||||| |||| 00| 0 eng d
020
_a
9781617316265
041
_a
eng
080
_2
THIRD EDITION
_a
611
082
_a
611
100
_a
10.2
101
_a
ANAT
245
_a
HUMAN ANATOMY PHYSIOLOGY
_c
KRIEGER P
942
_2
udc
_c
BK
999
_c
58495
_d
58495